Guide to the history of Mexico (Record no. 6069)

MARC details
000 -CABECERA
campo de control de longitud fija 00612nam a2200205 a 4500
001 - NÚMERO DE CONTROL
campo de control BRCA_6383
005 - FECHA Y HORA DE LA ÚLTIMA TRANSACCIÓN
campo de control 20190320205431.0
008 - DATOS DE LONGITUD FIJA--INFORMACIÓN GENERAL
campo de control de longitud fija 151208s1935----mx-a---###---#000-0#eng-u
050 #4 - SIGNATURA TOPOGRÁFICA DE LA BIBLIOTECA DEL CONGRESO
Número de clasificación F1226
Número de documento/Ítem .T45 2 1935
100 1# - ENTRADA PRINCIPAL--NOMBRE DE PERSONA
Nombre de persona Teja Zabre, Alfonso
9 (RLIN) 8157
245 10 - MENCIÓN DE TÍTULO
Título Guide to the history of Mexico
Resto del título a modern interpretation
Mención de responsabilidad, etc. Alfonso Teja Zabre.
260 ## - PUBLICACIÓN, DISTRIBUCIÓN, ETC.
Lugar de publicación, distribución, etc. México
Nombre del editor, distribuidor, etc. Ministry of Foreign Affairs
Fecha de publicación, distribución, etc. 1935
300 ## - DESCRIPCIÓN FÍSICA
Extensión xii, 375 p.
Otras características físicas il.
Dimensiones 25 cm.
500 ## - NOTA GENERAL
Nota general Ejemplar igual a B59
501 ## - NOTA DE "CON"
Nota de “Con” CEF38
504 ## - NOTA DE BIBLIOGRAFÍA, ETC.
Nota de bibliografía, etc. Bibliografía: p. [359]-370
651 #4 - PUNTO DE ACCESO ADICIONAL DE MATERIA--NOMBRE GEOGRÁFICO
Nombre geográfico México
Subdivisión general Historia
9 (RLIN) 614
902 ## - CATALOGADOR
Iniciales GFM
942 ## - ELEMENTOS DE PUNTO DE ACCESO ADICIONAL (KOHA)
Fuente del sistema de clasificación o colocación Library of Congress Classification
Tipo de ítem Koha Libros
Holdings
Estado de retiro Estado de pérdida Estado dañado No para préstamo Localización permanente Ubicación/localización actual Fecha de adquisición Total de préstamos Signatura topográfica completa Código de barras Fecha visto por última vez Precio válido a partir de Tipo de ítem Koha
El ejemplar forma parte de la colección y puede ser consultado según las políticas vigentes.       Biblioteca del Museo Franz Mayer (Rogerio Casas-Alatriste) Biblioteca del Museo Franz Mayer (Rogerio Casas-Alatriste) 30/08/2011   F1226 .T45 2 1935 6830 22/03/2019 22/03/2019 Libros